| 000 | 00427cam a2200169ua 4500 | ||
|---|---|---|---|
| 020 |
_a: _c112.00 |
||
| 041 |
_aeng _h |
||
| 082 |
_a628.114 _bMIC/WA |
||
| 100 | _aMichael, A.M. | ||
| 245 |
_aWater well and pump engineering / _cA M Michael. |
||
| 260 |
_aNew Delhi : _bTata Mc-Graw Hill Publishing Company , _c1985. |
||
| 300 | _a929 ; . | ||
| 500 | _a** Reference | ||
| 504 | _a | ||
| 700 | 1 | _aKhepar, S D . | |
| 942 | _cBK | ||
| 999 |
_c11121 _d11121 |
||